000 00782nam a2200205 i 4500
001 184610
003 ES-MaACL
005 20231227175054.0
008 151027s1935 sp |||| | spa d
100 1 _aLozoya, Juan de Contreras y López de Ayala,
_cMarqués de,
_d1893-1978
_9129112
245 1 3 _aEl arte gótico en España :
_barquitectura, escultura, pintura /
_cpor M. de Lozoya... y L.F. de Peñalosa.
260 _aBarcelona :
_bLabor,
_c1935.
300 _a171 p. :
_b16 lám. ;
_c19 cm.
490 1 _aColección Pro Ecclesia et Patria ;
_v4
650 0 4 _aArte gótico-
_zEspaña.
_910216
700 1 _aPeñalosa, Luis Felipe de.
_9158031
830 0 _aColección Pro Ecclesia et Patria ;
_v4
_9192193
852 _aES-MaACL
_jC-29137
999 _c184610
_d184610